| 000 | 00942nam a22002775i 4500 | ||
|---|---|---|---|
| 001 | 10985 | ||
| 003 | ES-MaACL | ||
| 005 | 20230906150014.0 | ||
| 007 | t| | ||
| 008 | 930119s1992 sp ||||0| spa j | ||
| 020 | _a84-7658-369-9 | ||
| 040 |
_aM-BN _bspa _cM-BN |
||
| 080 | _a316.42:62/69 | ||
| 080 | _a62/69:316.42 | ||
| 245 | 0 | 0 |
_aEstudios sobre sociedad y tecnología / _cJosé Sanmartín ... [et al.], (eds). |
| 250 | _a[1ª ed.]. | ||
| 260 |
_aBarcelona : _bAnthropos ; _a[Leioa] : _bServicio Editorial, Universidad del País Vasco = Argitarapen Zerbitzua, Euskal Herriko Unibertsitatea, _c1992. |
||
| 300 |
_a334 p ; _c20 cm. |
||
| 490 | 1 |
_aNueva ciencia ; _v9 |
|
| 504 | _aBibliografía. | ||
| 650 | 1 | 4 |
_aProgreso científico y tecnológico- _xAspectos sociales. _916471 |
| 700 | 1 |
_aSanmartín, José. _9103183 |
|
| 830 | 0 |
_aNueva ciencia ; _v9 _9177424 |
|
| 852 |
_aES-MaACL _jL-18337 _bR.121353 |
||
| 999 |
_c10985 _d10985 |
||